Les équipes premières de leur conférence en NBA - Statistiques

Statistiques générales
  • Ce quiz a été pris 1 002 fois
    958 depuis la dernière actualisation
  • Le résultat moyen est 126 sur 148
Statistiques - réponses
Année Conférence Ouest % Correct
1951 | 1953 | 1954 | +22 others Lakers
99%
1957 | 1958 | 1959 | +21 others Celtics
98%
1948 | 1951 | 1956 | +8 others Warriors
96%
1995 | 1999 | 2001 | +5 others Spurs
95%
1991 | 1992 | 1996 | +4 others Bulls
94%
1971 | 1973 | 1974 | +2 others Bucks
93%
1999 | 2005 | 2013 Heat
93%
2009 | 2010 | 2016 Cavaliers
87%
1955 | 1956 | 1989 | +4 others Pistons
87%
2018 Raptors
86%
2018 Rockets
86%
1966 | 1967 | 1968 | +4 others Sixers
86%
2007 Mavericks
85%
1981 | 1993 | 2005 Suns
85%
1953 | 1954 | 1970 | +2 others Knicks
83%
2002 Nets
83%
2013 Thunder
83%
1997 | 1998 | 2021 Jazz
81%
1957 | 1958 | 1959 | +6 others Hawks
78%
1995 Magic
78%
2002 Kings
77%
2000 | 2004 | 2014 Pacers
77%
1978 | 1991 | 1992 Trailblazers
72%
1979 | 1994 | 1996 SuperSonics
66%
2004 Timberwolves
66%
1969 | 1979 Bullets
53%
2021 Sixers
42%
1949 | 1952 Royals
28%
1952 | 1955 Nationals
12%
1947 Stags
5%
1947 | 1949 Capitols
4%
1948 Bombers
2%
Aucun quiz correspondant
Distribution des résultats
% des personnes avec chaque résultat
Percentile par nombre de réponses
Votre historique - résultats
Vous n’avez pas pris ce quiz depuis la dernière actualisation